Unos Borradores cervantescos / transcritos y comentados por Manuel Gómez-Moreno
Descripción Física:
XX, 54 p. ; 25 cm
MARC
| LEADER | 00000nam a2200000Ia 4500 | ||
|---|---|---|---|
| 001 | 13883 | ||
| 008 | 160829s1945 xx 000 0 cat d | ||
| 080 | |a L-1-387 | ||
| 100 | 1 | |a Cervantes Saavedra, Miguel de, |9 54910 |d 1547-1616 |e autor | |
| 245 | |a Unos Borradores cervantescos / transcritos y comentados por Manuel Gómez-Moreno | ||
| 260 | |a Barcelona : |b Imprenta - Escuela de la Casa Provincial de Caridad, |c 1945 | ||
| 300 | |a XX, 54 p. ; |c 25 cm | ||
| 490 | |a Publicaciones Cervantinas / patrocinadas por Juan Sedó Peris-MenchetaTercera serie ; 1 | ||
| 590 | |a Notes. | ||
| 590 | |a Recull de diverses obres atribuides a Cervantes | ||
| 700 | 1 | |a Gómez-Moreno, Manuel |9 30219 | |
| 700 | 1 | |a Sedó i Peris-Mencheta, Joan, |d 1908-1966 |9 23966 | |
| 901 | |a Arxiu | ||
| 942 | |n 1 |2 udc | ||
| 952 | |0 0 |1 0 |4 0 |6 L1387 |7 1 |9 45332 |a Arxiu |b Arxiu |d 2016-12-01 |l 0 |o L-1-387 |p 13883 |r 2016-12-01 00:00:00 |w 2016-12-01 |y ARXIU | ||
| 999 | |c 48406 |d 48406 | ||